[Event "GER-chT Federal Cup (Women)"]
[Site "Braunfels"]
[Date "2019.06.22"]
[Round "4.47"]
[White "Biesdorf, Ina"]
[Black "Werner, Rosalie"]
[Result "1/2-1/2"]
[WhiteElo "1405"]
[BlackElo "1610"]
[PlyCount "95"]
[EventDate "2019.06.20"]
[EventType "team-swiss"]
[EventRounds "5"]
[EventCountry "GER"]
[SourceTitle "CBM 191 Extra"]
[Source "ChessBase"]
[SourceDate "2019.09.30"]
[SourceVersion "1"]
[SourceVersionDate "2019.09.30"]
[SourceQuality "1"]

1. d4 d5 2. Bf4 Nf6 3. e3 e6 4. c4 Nbd7 5. Nc3 c6 6. Nf3 Be7 7. Be2 dxc4 8. Bxc4 b5 9. Bd3 a6 10. 0-0 Bb7 11. h3 c5 12. Be2 0-0 13. Ne5 Rc8 14. Qd3 cxd4 15. Qxd4 Bc5 16. Qd3 Qe7 17. Nxd7 Qxd7 18. Qxd7 Nxd7 19. Rfd1 Rfd8 20. Bd6 f6 21. Rac1 Bxd6 22. Rxd6 b4 23. Rcd1 bxc3 24. bxc3 Rc7 25. Rxe6 Kf7 26. Red6 Ke7 27. Bg4 Bc6 28. Re6+ Kf7 29. Rdd6 Bb5 30. Re4 Nc5 31. Rxd8 Nxe4 32. Bf5 Ng5 33. Rd6 g6 34. Bc2 Rxc3 35. Bb3+ Ke7 36. Rb6 Rc7 37. f4 Nf7 38. Re6+ Kf8 39. Rxf6 Kg7 40. Rxf7+ Rxf7 41. Bxf7 Kxf7 42. Kf2 Bc4 43. a3 Ke6 44. e4 Kd6 45. Ke3 Kc5 46. g4 Bf1 47. h4 Bh3 48. f5 1/2-1/2

[Event "GER-chT U14 Girls"]
[Site "Neumuenster"]
[Date "2018.12.29"]
[Round "6.3"]
[White "Engels, Marlene"]
[Black "Biesdorf, Ina"]
[Result "0-1"]
[WhiteElo "1121"]
[BlackElo "1325"]
[PlyCount "120"]
[EventDate "2018.12.27"]
[EventType "team-swiss"]
[EventRounds "7"]
[EventCountry "GER"]
[SourceTitle "CBM 188 Extra"]
[Source "ChessBase"]
[SourceDate "2019.02.26"]
[SourceVersion "1"]
[SourceVersionDate "2019.02.26"]
[SourceQuality "1"]
[WhiteTeam "Guetersloh"]
[BlackTeam "Hofheim"]
[WhiteTeamCountry "GER"]
[BlackTeamCountry "GER"]

1. e4 e5 2. Nf3 Nc6 3. Bc4 Bc5 4. Nc3 d6 5. h3 h6 6. d3 Nf6 7. Be3 Bb6 8. 0-0 Be6 9. Bb3 0-0 10. Re1 Nd7 11. Ne2 Ne7 12. Ng3 Ng6 13. d4 Bxb3 14. axb3 Qf6 15. Nh5 Qe7 16. Qd2 Kh7 17. Rad1 Rad8 18. Nh2 Qh4 19. Ng3 Nb8 20. Nf5 Qxe4 21. Ng3 Qd5 22. Ng4 f5 23. Nxf5 Rxf5 24. c4 Qg8 25. Bxh6 Qf7 26. dxe5 Qe7 27. exd6 Qxd6 28. Qe2 Qf8 29. Be3 Qe8 30. b4 Rxd1 31. Qxd1 Bxe3 32. Rxe3 Qd7 33. Qxd7 Nxd7 34. Rd3 Nde5 35. Nxe5 Nxe5 36. Rd4 Rf7 37. Re4 Nd3 38. Re2 Nxb4 39. b3 Nc6 40. Rb2 Ne5 41. Re2 Re7 42. f4 Nf3+ 43. Kf2 Rxe2+ 44. Kxe2 Nd4+ 45. Kf2 Nxb3 46. g4 Nd4 47. Ke3 Ne6 48. f5 Nd8 49. h4 g6 50. fxg6+ Kxg6 51. h5+ Kg5 52. Kf3 Nf7 53. Kg3 Nh6 54. Kf3 Nxg4 55. h6 Nxh6 56. Ke3 Kf5 57. Kd4 Ke6 58. Kc5 Kd7 59. Kb5 c6+ 60. Ka5 Kd6 0-1

[Event "GER-chT U14 Girls"]
[Site "Neumuenster"]
[Date "2018.12.27"]
[Round "2.3"]
[White "Fritsch, Lea"]
[Black "Biesdorf, Ina"]
[Result "1-0"]
[WhiteElo "1606"]
[BlackElo "1325"]
[PlyCount "155"]
[EventDate "2018.12.27"]
[EventType "team-swiss"]
[EventRounds "7"]
[EventCountry "GER"]
[SourceTitle "CBM 188 Extra"]
[Source "ChessBase"]
[SourceDate "2019.02.26"]
[SourceVersion "1"]
[SourceVersionDate "2019.02.26"]
[SourceQuality "1"]
[WhiteTeam "Halle USV"]
[BlackTeam "Hofheim"]
[WhiteTeamCountry "GER"]
[BlackTeamCountry "GER"]

1. e4 e5 2. Nf3 Nc6 3. Bc4 Bc5 4. c3 d6 5. d3 Nf6 6. Nbd2 0-0 7. 0-0 Be6 8. Bb3 Nh5 9. Re1 Qf6 10. Nf1 h6 11. Be3 Bb6 12. Bxb6 axb6 13. Bxe6 fxe6 14. d4 Rad8 15. Ne3 Ne7 16. Ng4 Qg6 17. h3 Nf6 18. Nxf6+ Qxf6 19. dxe5 dxe5 20. Qe2 Ng6 21. Qe3 Nf4 22. Rad1 Rd6 23. Rxd6 cxd6 24. Nh2 Rf7 25. Ng4 Qg6 26. Qg3 h5 27. Nh2 Qf6 28. Qe3 Rf8 29. Nf1 Qg5 30. Qg3 Qf6 31. Qe3 Qh6 32. Ng3 Qg5 33. h4 Qxh4 34. Ne2 Nd3 35. Rf1 Nf4 36. Nxf4 exf4 37. Qxb6 f3 38. Qxd6 fxg2 39. Kxg2 Qxe4+ 40. f3 Qf5 41. Qg3 Kh7 42. Re1 Rf6 43. Kf2 Rh6 44. Qh4 g5 45. Qe4 Qxe4 46. Rxe4 Rf6 47. Kg2 Kg6 48. a4 Kf5 49. Rb4 Rf7 50. a5 e5 51. Ra4 Re7 52. b4 e4 53. b5 e3 54. a6 bxa6 55. bxa6 Ra7 56. Kf1 h4 57. Ke2 h3 58. Kxe3 h2 59. Ra1 g4 60. Kf2 Kf4 61. fxg4 Kxg4 62. Kg2 Kf4 63. Kxh2 Ke5 64. Kg2 Kd5 65. Kf3 Kc5 66. Ke4 Kb5 67. Kd5 Rd7+ 68. Ke6 Ra7 69. Kd6 Kb6 70. c4 Rxa6 71. Rxa6+ Kxa6 72. c5 Ka7 73. c6 Kb8 74. Kd7 Ka7 75. c7 Ka8 76. c8Q+ Ka7 77. Qc5+ Ka6 78. Qb4 1-0